000 00529nam a2200121Ia 4500
008 220620s9999||||xx |||||||||||||| ||und||
100 _aA Koeva, Yvetta||Atanassova, Nina
245 0 _aChapter Hydrohysteroid Dehydrogenases – Biological Role and Clinical Importance – Review
546 _aEnglish[eng]
650 _aTechnology, engineering, agriculture
856 _uhttps://library.oapen.org/bitstream/20.500.12657/48992/1/40961.pdf||https://library.oapen.org/bitstream/20.500.12657/48992/1/40961.pdf
942 _cEB
999 _c33397
_d33397